LEADER 01650nam0-2200433---450 001 990005600510203316 005 20190403124921.0 035 $a000560051 035 $aUSA01000560051 035 $a(ALEPH)000560051USA01 035 $a000560051 100 $a19981214d1991----|||y0itaa50------ba 101 $aita 102 $ait 105 $a0 00||| 200 1 $a<> costituzione inattuata$ePietro Leopoldo Granduca di Toscana: dalla riforma comunitativa al progetto di costituzione$fGiulio M. Manetti$gprefazione di Adam Wandruszka$gsaggio introduttivo di Zeffiro Ciuffoletti 210 $aFirenze$cCentro Editoriale Toscano$d1991 215 $a237 p.$d21 cm. 225 2 $aPolitica e storia. Saggi e testi$v33 410 0$12001$aPolitica e storia. Saggi e testi$v33 606 $aLeopoldo : d'Asburgo-Lorena <2. ; imperatore S.R.I.>$xRiforme[:] Costituzione politica$2F 606 $aTOSCANA $xRIFORME$2F 620 $dFIRENZE 676 $a945.507 43 700 1$aMANETTI,$bGiulio M.$0614875 702 1$aCIUFFOLETTI,$bZeffiro 702 1$aWANDRUSZKA,$bAdam 801 0$aIT$bSA$c20111219 912 $a990005600510203316 950 0$aDipar.to di Filosofia - Salerno$dDFCC 945.507 43 MAN$e1433 FIL 951 $aCC 945.507 43$b1433 FIL 959 $aBK 966 $aPIETRO LEOPOLDO : D'ASBURGO-LORENA $zLeopoldo : d'Asburgo-Lorena <2. ; imperatore S.R.I.> - Riforme[:] Costituzione politica$3SAC001659 969 $aFIL 979 $c20121027$lUSA01$h1525 979 $c20121027$lUSA01$h1614 996 $aCostituzione inattuata$91133195 997 $aUNISA NUM $aSA0003225 LEADER 01807nas 2200589-a 450 001 996207296003316 005 20230518213020.0 011 $a1178-1998 035 $a(DE-599)ZDB2212420-2 035 $a(OCoLC)317918656 035 $a(CKB)1000000000025974 035 $a(CONSER)--2012250685 035 $a(EXLCZ)991000000000025974 100 $a20090407a20069999 s-- - 101 0 $aeng 135 $aurun||||||||| 181 $ctxt$2rdacontent 182 $cc$2rdamedia 183 $acr$2rdacarrier 200 00$aClinical interventions in aging 210 $aAuckland $cDove Medical Press$dİ2006- 215 $a1 online resource 300 $aRefereed/Peer-reviewed 311 $a1176-9092 531 $aCLIN INTERV AGING 531 $aCLIN. INTERV. AGING 606 $aGeriatrics$vPeriodicals 606 $aOlder people$xDiseases$vPeriodicals 606 $aAging$xPhysiological aspects$vPeriodicals 606 $aHealth Services for the Aged 606 $aAging 606 $aHealth Promotion 606 $aAging$xPhysiological aspects$2fast$3(OCoLC)fst00800323 606 $aGeriatrics$2fast$3(OCoLC)fst00941257 606 $aOlder people$xDiseases$2fast$3(OCoLC)fst01199100 608 $aPeriodical. 608 $aPeriodicals.$2fast 615 0$aGeriatrics 615 0$aOlder people$xDiseases 615 0$aAging$xPhysiological aspects 615 12$aHealth Services for the Aged. 615 22$aAging. 615 22$aHealth Promotion. 615 7$aAging$xPhysiological aspects. 615 7$aGeriatrics. 615 7$aOlder people$xDiseases. 676 $a612.6705 712 02$aSociety for Applied Research in Aging. 906 $aJOURNAL 912 $a996207296003316 996 $aClinical interventions in aging$91984295 997 $aUNISA